Movie Franchise by Keywords Quiz Stats

 Plays Quiz Updated Nov 8, 2018

Challenge
Share
Tweet
Embed
Score 0/36 Timer 06:00
4 Plays Today
Keywords Franchise % Correct
Supremacy, Identity, UltimatumJason Bourne series
97.1%
Robin, Begins, RisesBatman
92.3%
Saga, Breaking, NewTwilight
92%
Two, Lord, KingLord of the Rings
89.9%
Lost, Crusade, DoomIndiana Jones
87.7%
Five, Tokyo, FastThe Fast and the Furious
87.1%
Meltdown, Dinosaurs, AgeIce Age
86.6%
Fire, Phoenix, SecretsHarry Potter
86.4%
Return, Attack, AwakensStar Wars
84.3%
Powers, Shagged, MysteryAustin Powers
83.4%
Vengeance, Free, HarderDie Hard
82.1%
Twice, Russia, DaylightsJames Bond
81.1%
Judgment, Machines, SalvationTerminator
79.5%
Stand, Future, ClassX-Men
79.4%
Emperor, Scorpion, TombThe Mummy
75.5%
Rise, Dawn, PlanetPlanet of the Apes
75%
European, Christmas, VegasNational Lampoon's Vacation
69.6%
Rising, Dragon, LambsHannibal Lecter series
68.9%
Keywords Franchise % Correct
Third, After, BootsShrek
68.4%
Wrath, Frontier, SearchStar Trek
67.7%
Dream, Freddy, FinalA Nightmare on Elm Street
66.6%
Prince, Voyage, WitchChronicles of Narnia
66.1%
Resurrection, H20, MichaelHalloween
62.8%
Hell, Jason, ChapterFriday the 13th
59.6%
Dead, Stranger, CursePirates of the Caribbean
57.4%
Warrior, Fury, ThunderdomeMad Max
57.1%
Guantanamo, Castle, ChristmasHarold and Kumar
56.1%
Fallen, Moon, RevengeTransformers
53.7%
Squad, Insult, NakedThe Naked Gun
52%
Evolution, Lycans, RiseUnderworld
46.8%
Loaded, Bug, BananasHerbie the Love Bug
41%
Danger, Sum, OctoberJack Ryan series
39%
Sudden, Magnum, PoolDirty Harry
37.6%
Camp, Stupid, JailErnest P. Worrell series
36.3%
Treasure, Caper, ManhattanMuppets movies
35%
Assignment, Moscow, TrainingPolice Academy
26.7%

You're not logged in!

Compare scores with friends on all Sporcle quizzes.
OR
Log In

You Might Also Like...

Show Comments

Extras

Top Quizzes Today


Score Distribution

Your Account Isn't Verified!

In order to create a playlist on Sporcle, you need to verify the email address you used during registration. Go to your Sporcle Settings to finish the process.

Report this User

Report this user for behavior that violates our Community Guidelines.

Details: